ARRUPE JESUIT UNIVERSITY

CORONAVIRUS -STOP THE SPREAD - CLEAN,DISINFECT,COVER

English Monks and the Suppression of the Monasteries (Record no. 120116)

MARC details
000 -LEADER
fixed length control field 00497nam a22001337a 4500
008 - FIXED-LENGTH DATA ELEMENTS--GENERAL INFORMATION
fixed length control field 140220b xxu||||| |||| 00| 0 eng d
050 ## - LIBRARY OF CONGRESS CALL NUMBER
Classification number BX2592.B35 1967
100 ## - MAIN ENTRY--PERSONAL NAME
Personal name Baskerville, Geoffrey
9 (RLIN) 8815
245 ## - TITLE STATEMENT
Title English Monks and the Suppression of the Monasteries
Statement of responsibility, etc Geoffrey Baskerville
260 ## - PUBLICATION, DISTRIBUTION, ETC. (IMPRINT)
Place of publication, distribution, etc Norwich
Name of publisher, distributor, etc Fetcher and son
Date of publication, distribution, etc 1967
300 ## - PHYSICAL DESCRIPTION
Extent 312p. ;
Dimensions 20cm.
650 ## - SUBJECT ADDED ENTRY--TOPICAL TERM
Topical term or geographic name as entry element Manosticism and religious orders
General subdivision Monasteries
-- Church and state
Geographic subdivision England
-- Great britain
9 (RLIN) 8816
942 ## - ADDED ENTRY ELEMENTS (KOHA)
Source of classification or shelving scheme Library of Congress Classification
Item type Monograph ( Printed materials)
Holdings
Withdrawn status Lost status Source of classification or shelving scheme Damaged status Not for loan Home library Current library Date acquired Total Checkouts Full call number Barcode Date last seen Price effective from Koha item type
    Library of Congress Classification     ARRUPE LIBRARY ARRUPE LIBRARY 20/02/2014   BX2592.B35 1967 46500002193 22/11/2017 20/02/2014 Monograph ( Printed materials)

 

Arrupe Library. PO Box MP320 Mt Pleasant, Harare, Zimbabwe
263 242 745411|librarian@aju.ac.zw